000 00892nam a22003137a 4500
001 BR9704646
003 BR-BrBNA
005 20230928095722.0
007 ta
008 230509b bl.||||| |||| 00| 0 por d
040 _aBR-BrBNA
_bpor
_cBiblioteca Nacional de Agricultura
041 _a(Por)
072 _aL60; L20
_b8890
090 _ 8890 BR9704646
100 1 _aPinto, O.M. de O.
110 1 _aInstituto Nacional de Pesquisas da Amazonia, Manaus (Brasil)
_96495
245 1 _aEstudo critico e catalogo remissivo das aves do territorio federal de Roraima
260 3 _aManaus, AM (Brasil):
_c1966.
300 _a176 p.
500 _aBibliography p. 171-176
650 _aAve Selvagem
650 _aTaxonomia Animal
650 _aHabitat
650 _aEcologia Animal
650 _aZoologia
650 _aRoraima
909 _a202309
_bLucia
_c55
_dLucia Elande
942 _cBK
999 _c58268
_d58268